[Event "COL-chT (Women)"]
[Site "Risaralda"]
[Date "2023.11.21"]
[Round "5.1"]
[White "Rincon Gonzalez, Alba Mery"]
[Black "Vergara Canchila, Dariana"]
[Result "1-0"]
[WhiteElo "1489"]
[BlackElo "1141"]
[PlyCount "71"]
[EventDate "2023.11.19"]
[EventType "team-swiss"]
[EventRounds "7"]
[EventCountry "COL"]
[SourceTitle "CBM 217 Extra"]
[Source "ChessBase"]
[SourceDate "2024.01.31"]
[SourceVersion "1"]
[SourceVersionDate "2024.01.31"]
[SourceQuality "1"]
[WhiteTeam "Casanare (W)"]
[BlackTeam "Sucre (W)"]
[WhiteTeamCountry "COL"]
[BlackTeamCountry "COL"]

1. d4 d5 2. e3 Nf6 3. Nc3 Bf5 4. Bb5+ Nbd7 5. Nf3 e6 6. 0-0 Bd6 7. Re1 0-0 8. Bd2 Ne4 9. Ne2 c6 10. Ba4 Ng5 11. Nf4 Bxf4 12. exf4 Nxf3+ 13. Qxf3 a5 14. c3 Qf6 15. Re3 Qg6 16. Rae1 Nf6 17. h3 Nh5 18. Bd1 Be4 19. Qg4 Qxg4 20. hxg4 Nxf4 21. Rg3 Nd3 22. Rf1 Nxb2 23. Be2 Nc4 24. Bc1 b5 25. Bd3 Bxd3 26. Rxd3 b4 27. f4 Rfc8 28. Re1 h6 29. f5 exf5 30. gxf5 bxc3 31. Rg3 Kf8 32. f6 g6 33. Bxh6+ Kg8 34. Bg7 Kh7 35. Rh3+ Kg8 36. Rh8# 1-0